01422 2200505 4500001002100000005001500021035002000036007000300056008004100059020002200100040002200122082001700144084001900161090002200180090002300202100002500225245006100250250002900311300002900340650003200369850001200401041000800413264004600421336002100467337003000488338002300518999002200541546002700563990002200590990002000612990002000632990002000652990002000672990002200692990002000714990002000734990002000754990002000774990002200794990002000816990002000836990002000856990002000876990002000896INLIS00000000086452620210908094530 a0010-0921000276ta210908s2021 yoi gr f Jav d a978-623-7332-17-6 aYOPDYOGbinderda04223a899.2223 a899.2223 UMI m aCB-D.11 2021-0909 aDEP 899.2223 UMI m0 aUmi Kuntariepenulis10aMelathi megar sore :bnovel jawa /cpenulis, Umi Kuntari aCetakan kedua, Juni 2021 avi, 262 halaman ;c21 cm 4aKesusastraan Jawa--xCerita aYOPDYOG ajav31aYogyakarta :bDinas Kebudayaan DIY,c2021 2rdacontentateks 2rdamediaatanpa perantara 2rdacarrieravolume aCB-D.11/2021-0909 aTeks dalam Bahasa Jawa aCB-D.11/2021-0909 a68117-PD/A.2021 a68118-PD/A.2021 a68119-PD/A.2021 a68119-PD/A.2021 aCB-D.11/2021-0909 a68117-PD/A.2021 a68118-PD/A.2021 a68130-PD/A.2021 a68142-PD/A.2021 aCB-D.11/2021-0909 a68117-PD/A.2021 a68118-PD/A.2021 a68119-PD/A.2021 a68141-PD/A.2021 a68147-PD/A.2021